| 000 | 01234cam a2200385 4500 | ||
|---|---|---|---|
| 001 | 22637 | ||
| 003 | SK-KTurca | ||
| 005 | 20260409084404.0 | ||
| 008 | 210701s2019 xo er 000 f slo | ||
| 015 | _aSNBA2020/06 | ||
| 020 |
_a9788056905159 _q(viazané) |
||
| 035 | _aurn:nbn:sk:snk-am00fg8k | ||
| 035 | _aurn:nbn:sk:snk-am3isko | ||
| 035 | _a1B039F28-34FA-4B7A-B88F-F8572906A02E | ||
| 040 |
_aSKPK _bslo _cSKPK _dSNK _erda |
||
| 041 | 0 | _aslo | |
| 044 |
_axo _cSK |
||
| 072 | 7 |
_a821.162.4-3 _xSlovenská próza _2konspekt |
|
| 080 |
_a821.162.4-31 _22011 |
||
| 080 |
_a316.3(0:82-31) _22011 |
||
| 100 | 1 |
_aNagyová-Džerengová, Petra, _d1972- _4aut |
|
| 245 | 1 | 0 |
_aNové začiatky _cPetra Nagyová-Džerengová |
| 250 | _a1. vydanie | ||
| 264 | 1 |
_aBratislava _bMarenčin PT _c2019 |
|
| 300 |
_a318 strán _c21 cm |
||
| 336 |
_atext _btxt _2rdacontent |
||
| 337 |
_abez média _bn _2rdamedia |
||
| 338 |
_azväzok _bnc _2rdacarrier |
||
| 500 | _aObsahuje stručné biografické údaje o autorke na záložke prebalu publikácie | ||
| 655 | 7 |
_aslovenské romány _2SNKPH |
|
| 655 | 7 |
_aspoločenské romány _2SNKPH |
|
| 655 | 7 |
_aSlovak fiction _2SNKPHeng |
|
| 655 | 7 |
_aSociety novels _2SNKPHeng |
|
| 942 |
_2ddc _cKLDO _n0 |
||
| 999 |
_c22637 _d22637 |
||